| 000 | 00747nam a22001817a 4500 | ||
|---|---|---|---|
| 005 | 2012020202012.0 | ||
| 020 |
_c175.00 _a8185826137 |
||
| 035 | _aB-195669 | ||
| 037 |
_b _adpl |
||
| 082 | _a020 | ||
| 100 |
_aपांडेय, एस.के.शर्मा _940561 |
||
| 245 | 1 |
_aपुस्तकालय और समाज / _cएस.के.शर्मा पांडेय |
|
| 260 |
_aदिल्ली _bग्रंथ अकादमी _c2004 |
||
| 270 |
_a _b _e _k |
||
| 300 |
_a203पृ. _c22सेमी (सजिल्द) |
||
| 942 |
_adpl _cHN _k _2ddc _h020 _mपांडेय |
||
| 999 |
_c61777 _d61777 |
||